Handbook on material and energy balance calculations in metallurgical processes
I tiakina i:
| Ngā kaituhi matua: | , |
|---|---|
| Hōputu: | Pukapuka |
| Reo: | Ingarihi |
| I whakaputaina: |
Nueva York
The Metalluigical Society of AIME
1979
|
| Ngā marau: | |
| Ngā Tūtohu: |
Tāpirihia he Tūtohu
Kāore He Tūtohu, Me noho koe te mea tuatahi ki te tūtohu i tēnei pūkete!
|
MARC
| LEADER | 00000nam a2200000 a 4500 | ||
|---|---|---|---|
| 001 | UCI0978 | ||
| 003 | CL-VaPUC | ||
| 008 | 070608e19790000US |||||||||||||||||eng|d | ||
| 020 | |a 089520360X | ||
| 082 | 0 | 4 | |a 669 |b FIN |2 21 |
| 100 | 0 | |a Fine, H. Alan |e author |9 521247 | |
| 700 | |a Geiger, Gordon H |e author |9 565783 | ||
| 245 | 1 | 0 | |a Handbook on material and energy balance calculations in metallurgical processes |
| 300 | |a 572 p | ||
| 942 | |c BK | ||
| 945 | |d 20070608 00:00:00 |a jtorresc | ||
| 260 | |a Nueva York |b The Metalluigical Society of AIME |c 1979 | ||
| 650 | 0 | |a Metalurgia |9 263720 | |
| 650 | 0 | |a Diseño industrial |9 262726 | |
| 650 | 0 | |a Manuales |9 257144 | |
| 583 | |a last modification |c 20140406 05:53:54 |k Rodrigo Vera | ||
| 999 | |c 325928 |d 325926 | ||
| 952 | |0 0 |1 0 |4 0 |6 669_000000000000000_FIN_1979 |7 0 |8 A |9 407445 |a BIBING |b BIBING |d 2019-11-22 |i 4346130 |o 669 FIN 1979 |p 4346130 |r 2025-01-20 |w 2019-11-22 |y BK |k EIQ | ||